Hostos periodista. / (Record no. 33701)
[ view plain ]
| 000 -CABECERA | |
|---|---|
| campo de control de longitud fija | 00609nam a2200169 a 4500 |
| 001 - NÚMERO DE CONTROL | |
| campo de control | 000034210 |
| 005 - FECHA Y HORA DE LA ÚLTIMA TRANSACCIÓN | |
| campo de control | 20200930070853.0 |
| 008 - DATOS DE LONGITUD FIJA--INFORMACIÓN GENERAL | |
| campo de control de longitud fija | 110928s1988 dr 000 0 spa d |
| 040 ## - FUENTE DE LA CATALOGACIÓN | |
| Centro catalogador/agencia de origen | DO-SdBNP |
| Lengua de catalogación | spa |
| Centro/agencia transcriptor | BNPHU |
| 082 ## - NÚMERO DE LA CLASIFICACIÓN DECIMAL DEWEY | |
| Número de clasificación | xxxx |
| Número de documento/Ítem | B794h |
| 100 1# - ENTRADA PRINCIPAL--NOMBRE DE PERSONA | |
| Nombre de persona | Brás, Juan Mari |
| 9 (RLIN) | 8028 |
| 245 10 - MENCIÓN DE TÍTULO | |
| Título | Hostos periodista. / |
| Mención de responsabilidad, etc. | Juan Mari Brás. |
| 260 ## - PUBLICACIÓN, DISTRIBUCIÓN, ETC. | |
| Lugar de publicación, distribución, etc. | Rio Piedra, Puerto Rico : |
| Nombre del editor, distribuidor, etc. | Comité del Sesquicentenario de Eugenio María de Hostos, |
| Fecha de publicación, distribución, etc. | 1988. |
| 300 ## - DESCRIPCIÓN FÍSICA | |
| Extensión | 12 p. ; |
| Dimensiones | 23 cm. |
| 490 1# - MENCIÓN DE SERIE | |
| Mención de serie | Cuadernos hostosianos |
| Designación de volumen o secuencia | 1 |
| Mención de serie | Serie 1 conferncias y ensayos |
| 830 #0 - PUNTO DE ACCESO ADICIONAL DE SERIE-TÍTULO UNIFORME | |
| Título uniforme | Cuadernos hostosianos |
| Designación de volumen o secuencia | 1 |
| Nombre de parte o sección de la obra | Serie 1 conferncias y ensayos |
| 9 (RLIN) | 59630 |
| Estado de retiro | Estado de pérdida | No para préstamo | Código de colección | Localización permanente | Ubicación/localización actual | Ubicación en estantería | Fecha de adquisición | Número de inventario | Total de préstamos | Signatura topográfica completa | Código de barras | Fecha visto por última vez | Precio válido a partir de | Tipo de ítem Koha | Número de copia | Restricciones de uso | Nota pública |
|---|---|---|---|---|---|---|---|---|---|---|---|---|---|---|---|---|---|
| Excluido de préstamo | Patrimonio Dominicano | General | General | Depósito | 28.09.2011 | LF1 | xxxx B794h | 34210-10 | 25.06.2020 | 25.06.2020 | Libro y Folleto Colección Patrimonio Dominicano | ||||||
| Excluido de préstamo | Patrimonio Dominicano | General | General | Depósito | 28.09.2011 | LF1 | xxxx B794h | 34210-20 | 25.06.2020 | 25.06.2020 | Libro y Folleto Colección Patrimonio Dominicano | e. 2 | |||||
| Dominicana de Servicio | General | General | Depósito | 28.09.2011 | LF1 | xxxx B794h | 34210-30 | 25.06.2020 | 25.06.2020 | Libro y Folleto Colección Dominicana de Servicio | e. 3 | Perteneció a la biblioteca personal de Chiqui Vicioso / Fidelio Despradel. | |||||
| Extraviado | Dominicana de Servicio | General | General | Extraviado | 13.07.2015 | LF1 | xxxx B794h | 34210-40 | 25.06.2020 | 25.06.2020 | Libro y Folleto Colección Dominicana de Servicio | e. 4 | |||||
| Patrimonio Dominicano | Patrimonio Dominicano | Patrimonio Dominicano | Orden iniciada | 28.09.2011 | LF1 | xxxx B794h | 34211-10 | 25.06.2020 | 25.06.2020 | Libro y Folleto Colección Patrimonio Dominicano |
